000 00336nam a2200133Ia 4500
005 20260326235452.0
008 260326s9999||||xx |||||||||||||| ||und||
100 _aWilhide, Elizabeth
245 4 _aThe Millennium Dome /
_cElizabeth Wilhide
260 _bThe Book People
300 _a191 p.
650 _aARQUITECTURA CIVIL
942 _cBK
999 _c7787
_d7787